000 01152cam a2200217 4500
001 ABS66943
008 030724n2003 000 0 eng u
035 _a(Sirsi) u123113
100 _aEduljee, G.
245 4 _aThe strategy unit's report: waste not, want not - a wasted opportunity?
260 _c2003
490 _aWastes Management
_vJuly 2003, 30-33(4)
520 _aExamines the recommendations and potential impact of government's Strategy Unit report "Waste not, want not". Lists five key points of the report which deals primarily with household waste and comments on the report's recommendations for source separation and segregation (kerbside recycling), the role of incineration and the best practicable environmental option (BPEO). Argues that the report fails to provide clear strategic guidance to local authorities and service providers and identifies several issues that require further consideration.
590 _aABS
650 _aWASTE INCINERATION
650 _aHOUSEHOLD WASTE
650 _aWASTE STRATEGY
650 _aWASTE RECYCLING
690 _aENVIRONMENTAL AND LAND CONSULTANCY-WASTE MANAGEMENT
942 _n0
999 _c73103
_d73103